Bersyukur kepada Allah

Bibliographic Details
Main Author: Rohawi Sarnab
Format: Book
Published: Selangor : Pustaka Ilmi , 2004
Series:10 Nasihat Luqman Al-Hakim
Subjects:

MARC

LEADER 00000cam a2200000 7i4500
001 0000007175
005 20151222.0
008 070828
020 |a 9830986411 
090 0 0 |a JF   |b REG MAL (6994) 
100 0 |a Rohawi Sarnab 
245 1 0 |a Bersyukur kepada Allah   |c Hamdan Mohd Ali 
260 |a Selangor :   |b Pustaka Ilmi ,   |c 2004 
440 |a 10 Nasihat Luqman Al-Hakim 
500 |a Children ages 7-9 years old (orange) 
650 0 |a Junior fiction   |x Malay   |x Languages 
999 |a 0000989228   |b Book   |c Children Collection   |e Perbadanan Perpustakaan Awam Johor 
999 |a 0000989229   |b Book   |c Children Collection   |e Perbadanan Perpustakaan Awam Johor 
999 |a 0000989230   |b Book   |c Children Collection   |e Perbadanan Perpustakaan Awam Johor